Catálogo

Orientación educativa : (Registro nro. 7883)

Detalles MARC
000 -LEADER
fixed length control field 01280cam a2200313 i 4500
001 - CONTROL NUMBER
control field 7883
003 - CONTROL NUMBER IDENTIFIER
control field Mx-PuUPA
005 - DATE AND TIME OF LATEST TRANSACTION
control field 20250620085204.0
008 - FIXED-LENGTH DATA ELEMENTS--GENERAL INFORMATION
fixed length control field 140415s2024 txua grf 000 0 spa d
020 ## - INTERNATIONAL STANDARD BOOK NUMBER
International Standard Book Number 9798366008372
040 ## - CATALOGING SOURCE
Original cataloging agency Mx-PuUPA
Language of cataloging spa
Transcribing agency Mx-PuUPA
Modifying agency Mx-PuUPA
Description conventions rda
041 0# - LANGUAGE CODE
Language code of text/sound track or separate title spa
100 1# - MAIN ENTRY--PERSONAL NAME
Dates associated with a name Harper, Johann S.,
9 (RLIN) 16907
Relator term autor
245 10 - TITLE STATEMENT
Title Orientación educativa :
Remainder of title ¿cómo elegir mi futura profesión? ¿cómo decido qué estudiar? /
Statement of responsibility, etc. Johann S. Harper ; ilustraciones, Freepik
264 #1 - PRODUCTION, PUBLICATION, DISTRIBUTION, MANUFACTURE, AND COPYRIGHT NOTICE
Place of production, publication, distribution, manufacture Coppell, TX :
Name of producer, publisher, distributor, manufacturer [Editor no identificado],
Date of production, publication, distribution, manufacture, or copyright notice 2024
300 ## - PHYSICAL DESCRIPTION
Extent 120 páginas, 20 páginas sin numerar :
Other physical details ilustracioes ;
Dimensions 26 cm
336 ## - CONTENT TYPE
Fuente rdacontent
Content type term texto
Content type code txt
336 ## - CONTENT TYPE
Fuente rdacontent
Content type term imagen fija
Content type code sti
337 ## - MEDIA TYPE
Source rdamedia
Media type term sin medio
Media type code n
338 ## - CARRIER TYPE
Source rdacarrier
Carrier type term volumen
Carrier type code nc
500 ## - GENERAL NOTE
General note "Qué carrera estudiar de acuerdo a mi personalidad? ; ¿Cómo saber qué trabajo es para mí? ; Una guía divertida para encontrar tu camino". -- Cubierta.
650 #7 - SUBJECT ADDED ENTRY--TOPICAL TERM
Source of heading or term armarc
Topical term or geographic name entry element Orientación estudiantil en educación superior
650 #7 - SUBJECT ADDED ENTRY--TOPICAL TERM
Source of heading or term armarc
Topical term or geographic name entry element Orientación profesional
650 #7 - SUBJECT ADDED ENTRY--TOPICAL TERM
Source of heading or term armarc
Topical term or geographic name entry element Consejería estudiantil
700 1# - ADDED ENTRY--PERSONAL NAME
Personal name Freepik,
Relator term ilustrador
942 ## - ADDED ENTRY ELEMENTS (KOHA)
Source of classification or shelving scheme Dewey Decimal Classification
Koha item type Libro
Classification part 371.42
Item part H25
Existencias
Withdrawn status Lost status Source of classification or shelving scheme Damaged status Not for loan Collection code Home library Current library Shelving location Date acquired Total Checkouts Full call number Barcode Date last seen Price effective from Koha item type
    Dewey Decimal Classification     General Angelópolis Angelópolis Sala general 20/06/2025   371.42 H25 2024 965000000415 20/06/2025 20/06/2025 Libro